Statistics for The Five Oceans Map Quiz

Click here to take the quiz!

General Stats

  • This quiz has been taken 17,434 times
  • The average score is 4 of 5

Answer Stats

Ocean% Correct
Pacific
97%
Atlantic
90%
Indian
76%
Arctic
73%
Southern
64%

Score Distribution

Percentile by Number Answered

Percent of People with Each Score

Your Score History

You have not taken this quiz